=LDR 00000nam 2200000 4500 =001 NUTBA000000000000672 =005 20230412100403 =035 ##$$a 0010-031400000000671 =008 230412################g##########0#ind## =020 ##$$a 978-602-217-277-2 =082 ##$$a 370.114 =100 ##$$a LICKONA, THOMAS =245 1#$$a CHARACTER MATTERS : $b Persoalan Karakter Bagaimana membantu anak mengembangkan penilaian yang baik, integritas, dan kebajikan penting lainnya /$c Thomas Lickona =260 ##$$a jAKARTA :$b BUMI AKSARA,$c 2013 =300 ##$$a xxviii, 376 hlm. ; $c 22 x 16 cm =440 ##$$aCHARACTER MATTERS =850 ##$$aNBPNMAT =084 ##$$a 370.114 LIC c =250 ##$$a Cet. 2 =990 ##$$a 21305690 =990 ##$$a 21305693 =990 ##$$a 21400259/BPAP-NTB/2014 =990 ##$$a 21400260/BPAP-NTB/2014 =990 ##$$a 21400613/BPAP-NTB/20142014 =990 ##$$a 21400613/BPAP-NTB/20142014 =990 ##$$a 0001/BPAP-NTB/20142015 =990 ##$$a 0169/BPAP-NTB/2015 =990 ##$$a 0366/BPAP-NTB/2015 =990 ##$$a 2090100847/BPAP-NTB/2015 =990 ##$$a 0001/BPAP-NTB/2016